Normal view
MARC view
Entry Personal Name
001 - CONTROL NUMBER
- control field: 11528
003 - CONTROL NUMBER IDENTIFIER
- control field: BD-DhEWU
005 - DATE AND TIME OF LATEST TRANSACTION
- control field: 20140609201458.0
008 - FIXED-LENGTH DATA ELEMENTS
- fixed length control field: 140609|| aca||aabn | a|a d
040 ## - CATALOGING SOURCE
- Original cataloging agency: BD-DhEWU
- Transcribing agency: BD-DhEWU
100 ## - HEADING--PERSONAL NAME
- Personal name: Ballou, Ronald H.,
- Dates associated with a name: 1937-
670 ## - SOURCE DATA FOUND
- Source citation: Work cat.: (BD-DhEWU)6367: Ballou, Ronald H., 1937-, Business logistics/supply chain management :, c2004.